A glossary of the tribes and caste of Punjabi and north west frontier (Record no. 1446136)

MARC details
000 -LEADER
fixed length control field 00640nam a2200205Ia 4500
005 - DATE AND TIME OF LATEST TRANSACTION
control field 20250923145023.0
008 - FIXED-LENGTH DATA ELEMENTS--GENERAL INFORMATION
fixed length control field 008 250917s9999 xx 000 0 eng d
037 ## - SOURCE OF ACQUISITION
Stock number Textual
040 ## - CATALOGING SOURCE
Original cataloging agency DSWL
Language of cataloging eng
Transcribing agency DSWL
041 ## - LANGUAGE CODE
Language code of text/sound track or separate title eng
Source of code eng
084 ## - COLON CLASSIFICATION NUMBER
Classification number Y72k25,N11, N11.2
Assigning agency DSWL
100 ## - MAIN ENTRY--PERSONAL NAME
Personal name Ibbetson, D.
9 (RLIN) 830941
245 #2 - TITLE STATEMENT
Title A glossary of the tribes and caste of Punjabi and north west frontier
Statement of responsibility, etc. by D. Ibbetson
260 ## - PUBLICATION, DISTRIBUTION, ETC.
Place of publication, distribution, etc. Lahore
Name of publisher, distributor, etc. Civili & Malitree Gazette Press
Date of publication, distribution, etc. 1911
300 ## - PHYSICAL DESCRIPTION
Extent viii,72 p.
365 ## - TRADE PRICE
Price type code INR
Price amount 70
925 ## -
-- 70
942 ## - ADDED ENTRY ELEMENTS (KOHA)
Koha item type Textual
Classification part Y72k25,N11, N11.2
Holdings
Withdrawn status Lost status Damaged status Not for loan Home library Current library Date acquired Total Checkouts Full call number Barcode Date last seen Price effective from Koha item type
        Department of Social Work Library Department of Social Work Library 2025-09-23   Y72k25,N11, N11.2 SW0011685 2025-09-23 2025-09-23 Textual
Copyright @ Delhi University Library System